1458 1744 1920 1805 1816 1139 1343 1831 1788 1272 1328 1700 1519 1393 1440 1864 1185 1819 1753 1246 1874 1495 1408 1127 1352 1871 1213 1821 1280 1220 1460 1619 1692 1750 1059 1014 1381 1150 1834 1986 1678 1867 1426 1623 1901 1427 1928 1006 1483 1064 1753 1476 1587 1923 1904 1607 1765 1473 1160 1897 1939 1422 1369 1485 1185 1395 1627 1071 1497 1635 1903 1983 1714 1858 1550 1935 1078 1354 1785 1300 1388 1908 1566 1229 1974 1463 1104 1543 1901 1692 1155 1940 1982 1682 1133 1736 1677 1536 1623 BCNSPRNW ULIB Ver.6.0+V

เปลี่ยนเป็นภาษาไทย

Change to English
 แสดงรายละเอียดบรรณานุกรม
  กลับหน้าหลัก

Brief Record : Get Marc (ISO 2709) : E-mail record : QR code < ปิดหน้าต่าง
LEADER : 00000nam 2200000uu 4500
001    13399125806
003     ULIB
008    170915s2560||||th 000 0 tha d
020    ^a9786164131385
060    ^aWY20.5 จ152ก
100    ^aจรวย สุวรรณบำรุง
245    ^aกระบวนการวิจัย : การประยุกต์ใช้ทางสุขภาพและการพยาบาล Research Process : An Implementation for Health and Nursing
250    ^aพิมพ์ครั้งที่ 2
260    ^aนครศรีธรรมราช :^bมหาวิทยาลัยวลัยลักษณ์,^c2560
300    ^a354 หน้า^bภาพประกอบ
650    ^aการพยาบาล^xวิจัย
650    ^aวิจัย
945    ^p300^l0^i25503
945    ^p300^l0^i25504
945    ^p300^l0^i25505
945    ^p300^l0^i25506
945    ^p300^l0^i25507
999    ^aกัณชพร จุลอักษร
รายการนี้ยังไม่มีแท็ก
คุณยังไม่ได้ล็อกอิน คุณสามารถมีกิจกรรมร่วมกับเว็บไซต์ได้ แต่ต้องล็อกอินก่อน ::
  ล็อกอิน

รายการสื่อสารสนเทศ

ลำดับที่ ประเภท เลขเรียก/บาร์โค้ด สถานที่ สถานะ
1. หนังสือสำรอง
หนังสือสำรอง
WY20.5 จ152ก ฉ.1 
  Barcode: 25503
ห้องสมุดวิทยาเขตนครสวรรค์
►หนังสือทั่วไป:l:General Books
บนชั้น
2. วิทยาศาสตร์การแพทย์ และสุขภาพ
วิทยาศาสตร์การแพทย์ และสุขภาพ
WY20.5 จ152ก ฉ.2 
  Barcode: 25504
ห้องสมุดวิทยาเขตนครสวรรค์
►หนังสือทั่วไป:l:General Books
บนชั้น
3. วิทยาศาสตร์การแพทย์ และสุขภาพ
วิทยาศาสตร์การแพทย์ และสุขภาพ
WY20.5 จ152ก ฉ.3 
  Barcode: 25505
ห้องสมุดวิทยาเขตนครสวรรค์
►หนังสือทั่วไป:l:General Books
บนชั้น
4. วิทยาศาสตร์การแพทย์ และสุขภาพ
วิทยาศาสตร์การแพทย์ และสุขภาพ
WY20.5 จ152ก ฉ.4 
  Barcode: 25506
ห้องสมุดวิทยาเขตนครสวรรค์
►หนังสือทั่วไป:l:General Books
บนชั้น
5. วิทยาศาสตร์การแพทย์ และสุขภาพ
วิทยาศาสตร์การแพทย์ และสุขภาพ
WY20.5 จ152ก ฉ.5 
  Barcode: 25507
ห้องสมุดวิทยาเขตนครสวรรค์
►หนังสือทั่วไป:l:General Books
บนชั้น

รายการใกล้เคียง
    ชื่อเรื่อง [กระบวนการวิจัย : การประยุกต์ใช้ทางสุขภาพและการพยาบาล Research Process : An Implementation for Health and Nursing]

    ผู้แต่ง [จรวย สุวรรณบำรุง]

    หัวเรื่อง [วิจัย]

BibComment


ยังไม่เคยถูกคอมเมนท์

คอมเมนท์ทรัพยากรรายการนี้
  คอมเมนท์: กระบวนการวิจัย ..


 Copyright 2026. Bcnsprnw @Library